| 000 | 00916cam a2200217 4500 | ||
|---|---|---|---|
| 001 | BFD000006 | ||
| 035 | _aBFD000006 | ||
| 050 | 0 | 4 |
_aKGF2916 _bC66 1962 |
| 008 | t19621962mx spa | ||
| 245 | 0 | 0 |
_aConstituciones vigentes en la República Mexicana : _bcon las leyes orgánicas de los territorios federales y del Departamento del Distrito Federal / _crecopilación, ordenación y revisión de textos por Margarita de la Villa de Helguera. |
| 250 | _a1a ed. | ||
| 260 |
_aMéxico : _bImprenta Universitaria , _cc1962 |
||
| 300 |
_a2 v. ; _c24 cm. |
||
| 490 | 0 | _aFuentes | |
| 490 | 0 |
_aTextos y Estudios Legislativos ; _v3 |
|
| 650 | 7 |
_aConstituciones _zMéxico _2Lemb |
|
| 650 | 7 |
_aDerecho constitucional _zMéxico _2Lemb |
|
| 700 | 1 | _aVilla de Helguera, Margarita de la, comp. | |
| 710 | 2 |
_aUniversidad Nacional Autónoma de México. _bInstituto de Derecho Comparado |
|
| 942 |
_2lcc _cLIB |
||
| 999 |
_c69691 _d69691 |
||